000 00301nam a22001337a 4500
008 170714b xxu||||| |||| 00| 0 eng d
020 _a9780534533618
041 _aeng
080 _22ND
_a101
100 _a24
101 _aFIL
245 _aTHE EXPERIENCE OF PHILOSOPHY
_cKOLAK, D
942 _2udc
_cBK
999 _c20821
_d20821